000 01746nam2a22002651 4500
001 rc\4202672
005 20250611131509.0
021 _aRU
_b[46-334]
035 _a(NLR Aleph) 008203771
090 _a8052935
_c8052935
100 _a20130415d1946 |||y0rusy50 ca
101 0 _arus
102 _aRU
105 _aa z |||||
200 0 _aВып. 1
_f[Сост. группой работников Наркомцвета СССР во главе с инж. С.С. Крашенинниковым]
210 _aМосква
_cизд-во и тип. Металлургиздата
_d1946
215 _a256 с.
_cчерт.
320 _aПредм. указатель техн. условий: с. 254
461 0 _1001rc\4202671
_12001#$aСборник действующих технических условий на продукцию Главцветметобработки и Главвторцветмета НКЦМ$eВып. 1-$fНаркомцветмет СССР. Техн. отд. Центр. науч.-техн. б-ка$vВып. 1
_98052931
_aСССР. Главное управление по обработке цветных металлов
_cМосква
_d1946
_fНаркомцветмет СССР. Техн. отд. Центр. науч.-техн. б-ка
_nизд-во и тип. Металлургиздата
_oВып. 1-
_tСборник действующих технических условий на продукцию Главцветметобработки и Главвторцветмета НКЦМ
_vВып. 1
702 1 _aКрашенинников
_bС.С.
_gСергей Сергеевич
_4220
801 0 _aRU
_bNLR
_gpsbo
801 1 _aRU
_bELAR
_2rusmarc
852 _aNLR
_jПт02 Г-5/10
942 _cBOOK
980 _aNB